LEADER 01960nas 2200565- 450 001 996404439703316 005 20220110213023.0 011 $a2180-2467 035 $a(OCoLC)870175414 035 $a(CKB)3520000000003728 035 $a(CONSER)--2022227851 035 $a(EXLCZ)993520000000003728 100 $a20140207a20049999 --- - 101 0 $aeng 135 $aurmn||||||||| 181 $ctxt$2rdacontent 182 $cc$2rdamedia 183 $acr$2rdacarrier 200 10$aInternational journal of management studies 210 1$aKedah, Malaysia :$cUniversiti Utara Malaysia,$d[2004]- 300 $aRefereed/Peer-reviewed 311 $a2232-1608 517 1 $aIJMS 606 $aManagement science$vPeriodicals 606 $aManagement$vPeriodicals 606 $aManagement science$xStudy and teaching$zMalaysia$vPeriodicals 606 $aSocial sciences$zMalaysia$vPeriodicals 606 $aSocial sciences$xStudy and teaching$zMalaysia$vPeriodicals 606 $aManagement$2fast$3(OCoLC)fst01007141 606 $aManagement science$2fast$3(OCoLC)fst01007306 606 $aManagement science$xStudy and teaching$2fast$3(OCoLC)fst01007317 606 $aSocial sciences$2fast$3(OCoLC)fst01122877 606 $aSocial sciences$xStudy and teaching$2fast$3(OCoLC)fst01123000 607 $aMalaysia$2fast 608 $aPeriodicals.$2fast 615 0$aManagement science 615 0$aManagement 615 0$aManagement science$xStudy and teaching 615 0$aSocial sciences 615 0$aSocial sciences$xStudy and teaching 615 7$aManagement. 615 7$aManagement science. 615 7$aManagement science$xStudy and teaching. 615 7$aSocial sciences. 615 7$aSocial sciences$xStudy and teaching. 712 02$aUniversiti Utara Malaysia, 906 $aJOURNAL 912 $a996404439703316 996 $aInternational journal of management studies$92787000 997 $aUNISA LEADER 01518nam 2200397Ia 450 001 996388747203316 005 20221108005254.0 035 $a(CKB)1000000000638390 035 $a(EEBO)2240876875 035 $a(OCoLC)47012597 035 $a(EXLCZ)991000000000638390 100 $a20010525d1650 uy 0 101 0 $aeng 135 $aurbn||||a|bb| 200 14$aThe sea-mans compass$b[electronic resource] $eor A dainty new ditty composed and pend the deeds of brave sea-men to praise and commend, 'twas made by a maid that to Gravesend did pass, now mark, and you quickly shall hear how it was. To the tune of, The tyrant hath stoln 210 $aLondon $cPrinted for F. G. ...$d[1650?] 215 $a1 sheet ([1] p.) $cill 300 $aSigned at end: L. P. 300 $aAttributed to Laurence Price by Wing (2nd ed.) 300 $aDate of publication taken from Wing (2nd ed.) 300 $aContains 2 illustrations. 300 $aRight half-sheet contains: The second part to the same tune. 300 $aReproduction of original in: University of Glasgow. Library. 330 $aeebo-0166 606 $aBallads, English$y17th century 606 $aSailors$vPoetry 608 $aBroadsides$zEngland$y17th century.$2rbgenr 615 0$aBallads, English 615 0$aSailors 700 $aL. P$g(Laurence Price),$ffl. 1625-1680?$01001543 801 0$bEAE 801 1$bEAE 906 $aBOOK 912 $a996388747203316 996 $aThe sea-mans compass$92361895 997 $aUNISA LEADER 03345oas 2201165 a 450 001 9910892832603321 005 20260218110047.0 011 $a1532-5970 035 $a(DE-599)ZDB2048669-8 035 $a(OCoLC)45405277 035 $a(CONSER) 00215939 035 $a(CKB)954925541189 035 $a(DE-599)2048669-8 035 $a(EXLCZ)99954925541189 100 $a20001121b19842004 sy a 101 0 $aeng 135 $aurcnu|||||||| 181 $ctxt$2rdacontent 182 $cc$2rdamedia 183 $acr$2rdacarrier 200 10$aBehavior research methods, instruments & computers 210 $aAustin, TX $cPsychonomic Society$d-2004 300 $aRefereed/Peer-reviewed 311 08$a0743-3808 517 3 $aBehavior research methods, instruments, and computers 531 0 $aBehav. res. methods instrum. comput. 606 $aPsychology, Experimental$xMethodology$vPeriodicals 606 $aPsychological apparatus$vPeriodicals 606 $aInformation storage and retrieval systems$vPeriodicals 606 $aPsychology, Experimental$xinstrumentation 606 $aPsychologie expe?rimentale$xMe?thodologie$vPe?riodiques 606 $aPsychologie$xAppareils$vPe?riodiques 606 $aSyste?mes d'information$vPe?riodiques 606 $aComportement humain 606 $aOrdinateurs 606 $ahuman behavior$2aat 606 $acomputers$2aat 606 $aInformation storage and retrieval systems$2fast$3(OCoLC)fst00972781 606 $aPsychological apparatus$2fast$3(OCoLC)fst01081336 606 $aPsychology, Experimental$xMethodology$2fast$3(OCoLC)fst01081588 608 $aPeriodical. 608 $aPeriodicals.$2fast 608 $aPeriodicals.$2lcgft 615 0$aPsychology, Experimental$xMethodology 615 0$aPsychological apparatus 615 0$aInformation storage and retrieval systems 615 2$aPsychology, Experimental$xinstrumentation. 615 6$aPsychologie expe?rimentale$xMe?thodologie 615 6$aPsychologie$xAppareils 615 6$aSyste?mes d'information 615 6$aComportement humain. 615 6$aOrdinateurs. 615 7$ahuman behavior. 615 7$acomputers. 615 7$aInformation storage and retrieval systems. 615 7$aPsychological apparatus. 615 7$aPsychology, Experimental$xMethodology. 676 $a150 712 02$aPsychonomic Society 801 0$bNSD 801 1$bNSD 801 2$bOCLCQ 801 2$bNSD 801 2$bOCLCQ 801 2$bSBH 801 2$bOCLCQ 801 2$bDLC 801 2$bLGG 801 2$bOCLCQ 801 2$bHEBIS 801 2$bPFM 801 2$bOCLCQ 801 2$bOCLCF 801 2$bOCLCO 801 2$bVT2 801 2$bOCLCQ 801 2$bOCLCO 801 2$bOCLCQ 801 2$bOCLCA 801 2$bOCLCO 801 2$bOCLCA 801 2$bU3W 801 2$bOCLCO 801 2$bBUF 801 2$bLEAUB 801 2$bCEF 801 2$bCASUM 801 2$bBWN 801 2$bOCLCQ 801 2$bOCLCO 801 2$bQGK 801 2$bOCLCQ 801 2$bOCLCL 801 2$bUKMGB 801 2$bLIP 801 2$bOCLCQ 906 $aJOURNAL 912 $a9910892832603321 996 $aBehavior research methods, instruments & computers$94231160 997 $aUNINA